| 000 | 00790nam a2200265 a 4500 | ||
|---|---|---|---|
| 008 | |||
| 020 | _a0340578602 (pbk.) | ||
| 049 | _aMAIN | ||
| 090 | _aQA805 | ||
| 100 | 1 | _aBryden, Pat. | |
| 245 | 1 | 0 |
_aMechanics 5 & 6 / _cPat Bryden and Cliff Pavelin. |
| 260 |
_aLondon : _bHodder & Stoughton, _c1996. |
||
| 300 |
_a312 p. : _bill. ; _c25 cm. |
||
| 440 | _aMEI structured mathematics. | ||
| 500 | _aIncludes index. | ||
| 650 | 0 |
_aMechanics _xMathematics _xProblems, exercises. |
|
| 650 | 0 |
_aMechanics _xMathematics _xExaminations _xStudy guides. |
|
| 700 | _aPorkess Roger. | ||
| 700 | 1 | _aPavelin, Cliff. | |
| 907 |
_a.b10020202 _b16-01-07 _c17-04-03 |
||
| 003 | |||
| 005 | 20230123133823.0 | ||
| 040 | _cNUST | ||
| 942 |
_cBOOKS _kQA805 |
||
| 999 |
_c155203 _d155203 |
||